000 00299nam a22001337a 4500
008 170925b xxu||||| |||| 00| 0 eng d
020 _a2900618988562
041 _aeng
080 _23RD
_a37
100 _a46
101 _aEDU
245 _aTHE NEW HUMANITIES READER
_cMILLER,R.E
942 _2udc
_cBK
999 _c29560
_d29560